000
00313 a2200109 4500
001
ART_45464
005
20260410162040.0
008
260409a
245
1
0
_a
El impuesto a la renta financiera, ley 27.430
100
1
_a
Bello, Alberto M.
773
0
_t
Impuestos
_g
- NÂș 22 (feb. 2018)
_w
REV45175
999
_c
34819
_d
34819